01110nam a2200193Ia 4500001001100000003001000011008004100021040002500062041001300087100001200100245002700112250001100139260007300150300001100223500026600234501011400500520026600614650003600880L200-52435IT-CnALBA170116s9999||||xx |||||||||||||| ||und|| aIT-CnALBAcIT-CnALBA aITALIANO aBISI M. 0aCONTEMPLARE LE ICONE.  a1a ed. a ROMAbADP. EDIZIONI c1999 [1° Ed.:1999 - Ed.Ling.Originale: 1999] a72 p.  aLE IMMAGINI SECONDO IL CATECHISMO DELLA CHIESA CATTOLICA. ICONA. PREGARE E MEDITARE. DELLA TRINITÀ! NATIVITA! BATTESIMO DI GESÙ. TRASFIGURAZIONE. CROCIFISSIONE. EUCARISTIA. DISCESA AGLI INFERI. CRISTO RISORTO. GESÙ MAESTRO. VERGINE TENEREZZA. PENTECOSTE.  aSocietà San Paolo EM - Piazza San Paolo, 14 - 12051 ALBA (CN) (non commercial uses only) ® Copyright 2017 aLE IMMAGINI SECONDO IL CATECHISMO DELLA CHIESA CATTOLICA. ICONA. PREGARE E MEDITARE. DELLA TRINITÀ! NATIVITA! BATTESIMO DI GESÙ. TRASFIGURAZIONE. CROCIFISSIONE. EUCARISTIA. DISCESA AGLI INFERI. CRISTO RISORTO. GESÙ MAESTRO. VERGINE TENEREZZA. PENTECOSTE.  aRELIGIONE - RELIGIONE CRISTIANA